Tarzan el hombre mito moti tomi timo. (Record no. 10761)

MARC details
000 -CABECERA
campo de control de longitud fija 00592nam a2200217 a 4500
001 - NÚMERO DE CONTROL
campo de control BRL_1954
005 - FECHA Y HORA DE LA ÚLTIMA TRANSACCIÓN
campo de control 20190320211441.0
008 - DATOS DE LONGITUD FIJA--INFORMACIÓN GENERAL
campo de control de longitud fija 201216s1972----mx-#######---#000-0#spa-#
041 ## - CÓDIGO DE LENGUA
Código de lengua del texto/banda sonora o título independiente spa
044 ## - CÓDIGO DEL PAÍS DE LA ENTIDAD EDITORA/PRODUCTORA
Código MARC del país mx
050 #4 - SIGNATURA TOPOGRÁFICA DE LA BIBLIOTECA DEL CONGRESO
Número de clasificación PS3503
Número de documento/Ítem .H74 1972
100 1# - ENTRADA PRINCIPAL--NOMBRE DE PERSONA
Nombre de persona Herner Reiss, Irene
9 (RLIN) 28304
245 10 - MENCIÓN DE TÍTULO
Título Tarzan el hombre mito moti tomi timo.
260 ## - PUBLICACIÓN, DISTRIBUCIÓN, ETC.
Lugar de publicación, distribución, etc. México, D.F.
Fecha de publicación, distribución, etc. 1972
300 ## - DESCRIPCIÓN FÍSICA
Extensión 274 p.
Dimensiones 23 cm.
500 ## - NOTA GENERAL
Nota general Au1254
502 ## - NOTA DE TESIS
Nota de tesis Tesis Licenciatura (Licenciado en Historia) UNAM, Facultad de Filosofía y Letras
650 14 - PUNTO DE ACCESO ADICIONAL DE MATERIA--TÉRMINO DE MATERIA
Término de materia o nombre geográfico como elemento de entrada Hombre
9 (RLIN) 28305
902 ## - CATALOGADOR
Iniciales TERL
942 ## - ELEMENTOS DE PUNTO DE ACCESO ADICIONAL (KOHA)
Fuente del sistema de clasificación o colocación Library of Congress Classification
Tipo de ítem Koha Tesis
Holdings
Estado de retiro Estado de pérdida Estado dañado No para préstamo Localización permanente Ubicación/localización actual Fecha de adquisición Número de inventario Total de préstamos Signatura topográfica completa Código de barras Fecha visto por última vez Precio válido a partir de Tipo de ítem Koha
El ejemplar forma parte de la colección y puede ser consultado según las políticas vigentes.       Biblioteca Centro de Estudios Ruth D. Lechuga Biblioteca Centro de Estudios Ruth D. Lechuga 20/12/2016 Au1254   PS3503 .H74 1972 (Au1254) TERL00003 22/03/2019 22/03/2019 Tesis